[Event "Sao Paulo-chT1"]
[Site "Sao Paulo"]
[Date "2019.02.23"]
[Round "1.1"]
[White "Da Cunha, Gabriela Goes"]
[Black "Garkauskas, Otto Dmitry"]
[Result "0-1"]
[WhiteElo "1363"]
[BlackElo "2263"]
[PlyCount "90"]
[EventDate "2019.02.23"]
[EventType "team-tourn"]
[EventRounds "7"]
[EventCountry "BRA"]
[SourceTitle "EXT 2021"]
[Source "ChessBase"]
[SourceDate "2020.10.23"]
[SourceVersion "1"]
[SourceVersionDate "2020.10.23"]
[SourceQuality "1"]
[WhiteTeam "ATC"]
[BlackTeam "Homs"]
[WhiteTeamCountry "BRA"]
[BlackTeamCountry "BRA"]

1. e4 c6 2. d4 d5 3. exd5 cxd5 4. Bd3 Nc6 5. c3 Qc7 6. h3 e5 7. dxe5 Nxe5 8. Qe2 Be7 9. Bb5+ Nc6 10. Nf3 Nf6 11. 0-0 0-0 12. Re1 Re8 13. Bg5 Bc5 14. Qxe8+ Nxe8 15. Rxe8+ Bf8 16. Bxc6 bxc6 17. Nd4 Bb7 18. Rxa8 Bxa8 19. Nd2 c5 20. N4f3 f6 21. Bh4 Bd6 22. Re1 Bc6 23. Nf1 Qb7 24. b3 d4 25. cxd4 Bxf3 26. dxc5 Qb4 27. Re3 Bxc5 28. Rxf3 Qxh4 29. Ng3 g6 30. Ne2 Qb4 31. Nf4 Qe1+ 32. Kh2 Bxf2 33. Rxf2 Qxf2 34. Nd3 Qxa2 35. b4 Qc4 36. Nf2 Qxb4 37. h4 Qxh4+ 38. Nh3 a5 39. g3 Qb4 40. Ng5 fxg5 41. g4 Qxg4 42. Kh1 h5 43. Kh2 h4 44. Kh1 h3 45. Kh2 Qg2# 0-1

[Event "BRA-ch U26"]
[Site "Uberlandia"]
[Date "2015.10.16"]
[Round "3"]
[White "Garkauskas, Otto Dmitry"]
[Black "Noronha, Natanael Muana C"]
[Result "1-0"]
[WhiteElo "2266"]
[BlackElo "1849"]
[PlyCount "51"]
[EventDate "2015.10.15"]
[EventType "swiss"]
[EventRounds "7"]
[EventCountry "BRA"]
[SourceTitle "CBM 168 Extra"]
[Source "ChessBase"]
[SourceDate "2015.10.29"]
[SourceVersion "1"]
[SourceVersionDate "2015.10.29"]
[SourceQuality "1"]

1. d4 Nf6 2. c4 e6 3. Nc3 Bb4 4. e3 Bxc3+ 5. bxc3 b6 6. Bd3 Nc6 7. e4 d6 8. Ne2 e5 9. 0-0 0-0 10. f4 Qe7 11. fxe5 dxe5 12. Bg5 Qd6 13. Bxf6 gxf6 14. d5 Na5 15. Ng3 Nxc4 16. Bxc4 Qc5+ 17. Kh1 Qxc4 18. Nh5 f5 19. Qe1 f4 20. Qh4 f6 21. Nxf6+ Rxf6 22. Qxf6 Qxc3 23. Rac1 Qd3 24. Qd8+ Kg7 25. Rxc7+ Kh6 26. Qh4+ 1-0

[Event "Sao Paulo Salles Cup 3rd"]
[Site "Sao Paulo"]
[Date "2015.03.21"]
[Round "3"]
[White "Garkauskas, Otto Dmitry"]
[Black "Araujo, Renan Aparecido"]
[Result "1-0"]
[WhiteElo "2229"]
[BlackElo "1962"]
[PlyCount "77"]
[EventDate "2015.03.20"]
[EventType "swiss"]
[EventRounds "6"]
[EventCountry "BRA"]
[SourceTitle "CBM 165 Extra"]
[Source "ChessBase"]
[SourceDate "2015.04.21"]
[SourceVersion "1"]
[SourceVersionDate "2015.04.21"]
[SourceQuality "1"]

1. d4 Nf6 2. c4 g6 3. Nc3 Bg7 4. e4 d6 5. f3 0-0 6. Be3 c5 7. d5 e6 8. Nge2 exd5 9. cxd5 a6 10. a4 Nbd7 11. Ng3 Ne5 12. Be2 h5 13. 0-0 h4 14. Nh1 Nh7 15. f4 Bh6 16. Qd2 Ng4 17. Bxg4 Bxg4 18. Nf2 Bd7 19. e5 dxe5 20. fxe5 Bg7 21. Bxc5 Re8 22. Nd3 Bf5 23. Rxf5 gxf5 24. Bd4 Ng5 25. Qf4 h3 26. Qxf5 hxg2 27. Kxg2 Rc8 28. Rf1 Rxc3 29. bxc3 Qxd5+ 30. Kg1 Bh6 31. Be3 Re6 32. Bxg5 Bxg5 33. Qxf7+ Kh8 34. Qf8+ Kh7 35. Rf7+ Kg6 36. Rg7+ Kh5 37. Qf7+ Kh4 38. Rh7+ Kg4 39. Nf2# 1-0

[Event "Pocos de Caldas op"]
[Site "Pocos de Caldas"]
[Date "2015.03.15"]
[Round "6"]
[White "Garkauskas, Otto Dmitry"]
[Black "Molina, Roberto Junio Brito"]
[Result "1/2-1/2"]
[WhiteElo "2229"]
[BlackElo "2431"]
[PlyCount "124"]
[EventDate "2015.03.13"]
[EventType "swiss"]
[EventRounds "6"]
[EventCountry "BRA"]
[SourceTitle "CBM 165 Extra"]
[Source "ChessBase"]
[SourceDate "2015.04.21"]
[SourceVersion "1"]
[SourceVersionDate "2015.04.21"]
[SourceQuality "1"]

1. d4 d5 2. c4 c6 3. Nf3 Nf6 4. Nc3 dxc4 5. a4 Bf5 6. e3 e6 7. Bxc4 Bb4 8. Ne5 0-0 9. 0-0 Nbd7 10. Nxd7 Qxd7 11. f3 a5 12. Qb3 Bg6 13. Rd1 Qe7 14. e4 e5 15. d5 Nd7 16. Be3 Bc5 17. Bxc5 Qxc5+ 18. Kh1 Nb6 19. Bf1 Qb4 20. Qa3 Rfd8 21. dxc6 Qxa3 22. Rxa3 Rxd1 23. Nxd1 bxc6 24. Nc3 Kf8 25. Rb3 Rb8 26. Kg1 f6 27. Kf2 Bf7 28. Ra3 Nd7 29. Nd1 Bb3 30. Ne3 Rb4 31. Be2 Nb6 32. Bd1 Bxd1 33. Nxd1 Rxa4 34. Rxa4 Nxa4 35. Ke3 Ke7 36. Kd3 Kd6 37. b3 Nb6 38. Ne3 Kc5 39. Kc3 a4 40. b4+ Kb5 41. Nf5 g6 42. Nd6+ Ka6 43. Kb2 f5 44. Ka3 fxe4 45. fxe4 Ka7 46. Nf7 Kb7 47. Nxe5 Kc7 48. Nd3 Kd6 49. g3 g5 50. h4 h6 51. h5 Nc4+ 52. Kxa4 Nd2 53. Nf2 Nf1 54. Ng4 Nxg3 55. Nxh6 Ke6 56. Ka5 Nxh5 57. Kb6 Nf6 58. Kxc6 Nxe4 59. b5 Nd6 60. b6 Nc4 61. Kc5 Nxb6 62. Kxb6 g4 1/2-1/2

[Event "Paulista-chTB"]
[Site "Sao Paulo"]
[Date "2015.02.28"]
[Round "2.4"]
[White "De Sousa, Matheus Mazim"]
[Black "Garkauskas, Otto Dmitry"]
[Result "1/2-1/2"]
[WhiteElo "2151"]
[BlackElo "2146"]
[PlyCount "24"]
[EventDate "2015.02.28"]
[EventType "team-tourn"]
[EventRounds "7"]
[EventCountry "BRA"]
[SourceTitle "EXT 2017"]
[Source "ChessBase"]
[SourceDate "2016.10.25"]
[SourceVersion "1"]
[SourceVersionDate "2016.10.25"]
[SourceQuality "1"]
[WhiteTeam "Sao Jose Em Cima da Hora"]
[BlackTeam "Sao Jose CDR A"]
[WhiteTeamCountry "BRA"]
[BlackTeamCountry "BRA"]

1. d4 d5 2. c4 c6 3. Nf3 e6 4. g3 f5 5. Bg2 Nf6 6. 0-0 Bd6 7. b3 0-0 8. Ba3 Bxa3 9. Nxa3 Qe7 10. Nc2 b6 11. Nfe1 Bb7 12. Nd3 Nbd7 1/2-1/2

[Event "Botafogo Fexerj op"]
[Site "Botafogo"]
[Date "2015.01.24"]
[Round "4"]
[White "Rangel, Daniel"]
[Black "Garkauskas, Otto Dmitry"]
[Result "1/2-1/2"]
[WhiteElo "2289"]
[BlackElo "2202"]
[PlyCount "43"]
[EventDate "2015.01.23"]
[EventType "swiss"]
[EventRounds "6"]
[EventCountry "BRA"]
[SourceTitle "CBM 164 Extra"]
[Source "ChessBase"]
[SourceDate "2015.03.02"]
[SourceVersion "1"]
[SourceVersionDate "2015.03.02"]
[SourceQuality "1"]

1. d4 Nf6 2. c4 c5 3. d5 e5 4. Nc3 d6 5. e4 g6 6. g3 Bg7 7. Bg2 0-0 8. Nge2 Nbd7 9. 0-0 a6 10. a4 Ne8 11. f4 f5 12. exf5 gxf5 13. Qc2 e4 14. Nd1 Rb8 15. Ne3 b5 16. axb5 axb5 17. g4 fxg4 18. Bxe4 Ndf6 19. Bg2 bxc4 20. f5 Nh5 21. Nxg4 Qh4 22. h3 1/2-1/2

[Event "Florianopolis op"]
[Site "Florianopolis"]
[Date "2015.01.17"]
[Round "7"]
[White "Boff, Andre Ricardo"]
[Black "Garkauskas, Otto Dmitry"]
[Result "1-0"]
[WhiteElo "2000"]
[BlackElo "2202"]
[PlyCount "77"]
[EventDate "2015.01.14"]
[EventType "swiss"]
[EventRounds "10"]
[EventCountry "BRA"]
[SourceTitle "CBM 164 Extra"]
[Source "ChessBase"]
[SourceDate "2015.03.02"]
[SourceVersion "1"]
[SourceVersionDate "2015.03.02"]
[SourceQuality "1"]

1. d4 Nf6 2. Nf3 g6 3. e3 Bg7 4. Be2 0-0 5. 0-0 d6 6. b3 Nbd7 7. Bb2 c6 8. c4 Re8 9. Nc3 e5 10. dxe5 dxe5 11. b4 Qe7 12. Qb3 e4 13. Nd2 Nf8 14. c5 h5 15. Nc4 Be6 16. a3 N8h7 17. Qc2 Bxc4 18. Bxc4 Qc7 19. h3 h4 20. Ne2 Rad8 21. Rad1 Rxd1 22. Rxd1 g5 23. Qd2 Bf8 24. Qd4 Qc8 25. Bb3 g4 26. Nf4 gxh3 27. gxh3 Bg7 28. Qd6 Qf5 29. Kg2 Ng5 30. Bxf6 Bxf6 31. Qd7 Qxd7 32. Rxd7 Re7 33. Nh5 Re5 34. Nxf6+ Kg7 35. Ng4 Rf5 36. Rxb7 Rf3 37. Ne5 Rf5 38. Nxf7 Nf3 39. Nd6+ 1-0

[Event "Maringa op 4th"]
[Site "Maringa"]
[Date "2014.08.22"]
[Round "6"]
[White "Garkauskas, Otto Dmitry"]
[Black "Abdalla, Luiz Guilherme"]
[Result "1/2-1/2"]
[WhiteElo "2170"]
[BlackElo "2285"]
[PlyCount "46"]
[EventDate "2014.08.20"]
[EventType "swiss"]
[EventRounds "9"]
[EventCountry "BRA"]
[SourceTitle "EXT 2015"]
[Source "ChessBase"]
[SourceDate "2014.11.20"]
[SourceVersion "1"]
[SourceVersionDate "2014.11.20"]
[SourceQuality "1"]

1. d4 d5 2. c4 c6 3. Nf3 Nf6 4. Nc3 a6 5. c5 Bf5 6. Bf4 e6 7. e3 Nbd7 8. Nd2 Be7 9. Be2 Bg6 10. b4 0-0 11. h4 h5 12. Nf3 Ng4 13. Ng5 e5 14. Bxg4 exf4 15. Bxh5 Bxg5 16. hxg5 Qxg5 17. Qg4 Qxg4 18. Bxg4 Nf6 19. Bf3 Rfe8 20. Kd2 fxe3+ 21. fxe3 Re7 22. a4 Rae8 23. Rhe1 Ne4+ 1/2-1/2

[Event "Maringa op 4th"]
[Site "Maringa"]
[Date "2014.08.21"]
[Round "4"]
[White "Garkauskas, Otto Dmitry"]
[Black "Alboredo, Julia"]
[Result "1-0"]
[WhiteElo "2170"]
[BlackElo "1895"]
[PlyCount "47"]
[EventDate "2014.08.20"]
[EventType "swiss"]
[EventRounds "9"]
[EventCountry "BRA"]
[SourceTitle "EXT 2015"]
[Source "ChessBase"]
[SourceDate "2014.11.20"]
[SourceVersion "1"]
[SourceVersionDate "2014.11.20"]
[SourceQuality "1"]

1. d4 Nf6 2. c4 g6 3. Nc3 Bg7 4. e4 d6 5. f3 0-0 6. Be3 c5 7. Nge2 Nc6 8. d5 Ne5 9. Ng3 h5 10. Be2 h4 11. Nf1 e6 12. h3 exd5 13. cxd5 a6 14. a4 Qa5 15. Nd2 Nh5 16. 0-0 Ng3 17. Re1 Qd8 18. f4 Bh6 19. Bf1 Nxf1 20. Rxf1 Nd3 21. Nc4 Nb4 22. e5 Re8 23. Nxd6 Rxe5 24. Nxf7 1-0

[Event "Maringa op 4th"]
[Site "Maringa"]
[Date "2014.08.20"]
[Round "2"]
[White "Garkauskas, Otto Dmitry"]
[Black "Da Silva, Alan Guimaraes"]
[Result "1-0"]
[WhiteElo "2170"]
[BlackElo "1810"]
[PlyCount "49"]
[EventDate "2014.08.20"]
[EventType "swiss"]
[EventRounds "9"]
[EventCountry "BRA"]
[SourceTitle "EXT 2015"]
[Source "ChessBase"]
[SourceDate "2014.11.20"]
[SourceVersion "1"]
[SourceVersionDate "2014.11.20"]
[SourceQuality "1"]

1. d4 Nf6 2. c4 g6 3. Nc3 Bg7 4. e4 d6 5. f3 0-0 6. Be3 Nbd7 7. Nge2 c5 8. d5 a6 9. Ng3 Ne5 10. Be2 Rb8 11. 0-0 Qe8 12. a4 e6 13. h3 exd5 14. cxd5 b5 15. axb5 axb5 16. f4 Nc4 17. Bxc4 bxc4 18. e5 Nd7 19. Nge4 dxe5 20. f5 f6 21. Qd2 gxf5 22. Nd6 Qg6 23. Nxf5 Qh5 24. Ne4 Nb6 25. Neg3 1-0

[Event "Sao Paulo Braga op"]
[Site "Sao Paulo"]
[Date "2014.08.03"]
[Round "5"]
[White "Abdalla, Luiz Guilherme"]
[Black "Garkauskas, Otto Dmitry"]
[Result "1-0"]
[WhiteElo "2289"]
[BlackElo "2174"]
[PlyCount "59"]
[EventDate "2014.08.01"]
[EventType "swiss"]
[EventRounds "6"]
[EventCountry "BRA"]
[SourceTitle "EXT 2016"]
[Source "ChessBase"]
[SourceDate "2015.10.08"]
[SourceVersion "1"]
[SourceVersionDate "2015.10.08"]
[SourceQuality "1"]

1. d4 d5 2. c4 c6 3. Nf3 Nf6 4. cxd5 cxd5 5. Nc3 Nc6 6. Bf4 a6 7. e3 Qb6 8. Bd3 Qxb2 9. Rc1 Qa3 10. 0-0 e6 11. Na4 Nd7 12. e4 dxe4 13. Bxe4 Be7 14. Re1 0-0 15. Re3 Qb4 16. a3 Qa5 17. Ne5 Ncxe5 18. dxe5 g6 19. Nb2 Nxe5 20. Bxe5 Qxe5 21. Bxg6 Qxb2 22. Bxh7+ Kh8 23. Rh3 Bg5 24. Rcc3 Rd8 25. Bd3+ Kg7 26. Qh5 Bf4 27. Qg4+ Kf8 28. Rh8+ Ke7 29. Qh4+ f6 30. Qh7+ 1-0

[Event "Sao Paulo Hebraica op 18th"]
[Site "Sao Paulo"]
[Date "2014.07.20"]
[Round "5"]
[White "Garkauskas, Otto Dmitry"]
[Black "Pritsopoulos, Constantino Demetri"]
[Result "1-0"]
[WhiteElo "2158"]
[BlackElo "1843"]
[PlyCount "62"]
[EventDate "2014.07.17"]
[EventType "swiss"]
[EventRounds "6"]
[EventCountry "BRA"]
[SourceTitle "CBM 161 Extra"]
[Source "ChessBase"]
[SourceDate "2014.08.29"]
[SourceVersion "1"]
[SourceVersionDate "2014.08.29"]
[SourceQuality "1"]

1. d4 d5 2. c4 c6 3. Nf3 Nf6 4. Nc3 Qb6 5. Qc2 Bg4 6. c5 Qc7 7. Ne5 Nbd7 8. Bf4 Nh5 9. g3 Nxf4 10. Nxg4 Ng6 11. f4 e6 12. b4 Be7 13. e3 f6 14. f5 exf5 15. Qxf5 Ndf8 16. e4 dxe4 17. d5 cxd5 18. Nxd5 Qc8 19. Bb5+ Nd7 20. Qe6 Kd8 21. Rd1 Bxc5 22. bxc5 Re8 23. Qxd7+ Qxd7 24. Bxd7 Kxd7 25. Ndxf6+ Kc6 26. Nxe8 Rxe8 27. Ke2 h5 28. Ne3 Ne5 29. Rd5 g6 30. Rc1 Nd3 31. Rd6+ Kc7 1-0

[Event "Sao Paulo Hebraica op 18th"]
[Site "Sao Paulo"]
[Date "2014.07.20"]
[Round "6"]
[White "Rodrigues, Leonardo De Miranda"]
[Black "Garkauskas, Otto Dmitry"]
[Result "0-1"]
[WhiteElo "2146"]
[BlackElo "2158"]
[PlyCount "86"]
[EventDate "2014.07.17"]
[EventType "swiss"]
[EventRounds "6"]
[EventCountry "BRA"]
[SourceTitle "CBM 161 Extra"]
[Source "ChessBase"]
[SourceDate "2014.08.29"]
[SourceVersion "1"]
[SourceVersionDate "2014.08.29"]
[SourceQuality "1"]

1. d4 d5 2. c4 c6 3. Nf3 Nf6 4. Nc3 dxc4 5. a4 Bf5 6. e3 e6 7. Bxc4 Bb4 8. 0-0 0-0 9. Qe2 Nbd7 10. e4 Bg6 11. Bd3 Bh5 12. e5 Nd5 13. Ne4 c5 14. Ng3 Bxf3 15. Qxf3 Qh4 16. Ne4 cxd4 17. Bg5 Nxe5 18. Bxh4 Nxf3+ 19. gxf3 h6 20. Bg3 f5 21. Bd6 Rfc8 22. Bxb4 Nxb4 23. Bb1 fxe4 24. Bxe4 Rc7 25. a5 Rd8 26. Ra4 d3 27. Rxb4 d2 28. Rd1 Rc1 29. Bc2 Rxc2 30. Kf1 Rc1 31. Ke2 Rxd1 32. Kxd1 Rd7 33. Rf4 a6 34. h4 Rd5 35. Rb4 Rxa5 36. Rxb7 Rb5 37. Rxb5 axb5 38. Kxd2 Kf7 39. Kc3 h5 40. f4 Kf6 41. Kb4 e5 42. fxe5+ Kxe5 43. Kxb5 g5 0-1

[Event "Sao Paulo Hebraica op 18th"]
[Site "Sao Paulo"]
[Date "2014.07.19"]
[Round "3"]
[White "Garkauskas, Otto Dmitry"]
[Black "Quintiliano Pinto, Renato Rodrigues"]
[Result "0-1"]
[WhiteElo "2158"]
[BlackElo "2364"]
[PlyCount "74"]
[EventDate "2014.07.17"]
[EventType "swiss"]
[EventRounds "6"]
[EventCountry "BRA"]
[SourceTitle "CBM 161 Extra"]
[Source "ChessBase"]
[SourceDate "2014.08.29"]
[SourceVersion "1"]
[SourceVersionDate "2014.08.29"]
[SourceQuality "1"]

1. d4 Nf6 2. c4 e6 3. Nc3 Bb4 4. e3 0-0 5. Bd3 d5 6. a3 Be7 7. Nge2 b6 8. cxd5 exd5 9. 0-0 a5 10. f3 c5 11. dxc5 bxc5 12. e4 c4 13. Bb1 Qb6+ 14. Kh1 dxe4 15. Nxe4 Nbd7 16. Qc2 Ba6 17. N2c3 g6 18. Re1 Rfe8 19. Ba2 Nxe4 20. Nxe4 Ne5 21. Be3 Qc6 22. b3 Bxa3 23. Bd4 Bb4 24. Rec1 f5 25. Nf6+ Qxf6 26. f4 Qh4 27. Bxe5 c3 28. Bxc3 Re2 29. Qd1 Rd8 30. Qg1 Bb7 31. Be1 Qg4 32. Bf2 Rdd2 33. Rf1 Rxa2 34. Rad1 Rad2 35. Rxd2 Rxd2 36. Rc1 h5 37. Re1 Rxf2 0-1